| 000 | 01083nam a2200289Ia 4500 | ||
|---|---|---|---|
| 001 | ebr10068316 | ||
| 003 | CaPaEBR | ||
| 006 | m u | ||
| 007 | cr cn||||||||| | ||
| 008 | 751101s1995 dcua s 000 0 eng d | ||
| 020 | _z0309052394 | ||
| 040 |
_aCaPaEBR _cCaPaEBR |
||
| 035 | _a(OCoLC)726823053 | ||
| 050 | 1 | 4 |
_aQ141 _b.N2 Vol. 68 1995eb |
| 110 | 2 | _aNational Academy of Sciences (U.S.) | |
| 210 | 0 | _aBiogr. mem. | |
| 222 | 0 | _aBiographical memoirs. | |
| 245 | 1 | 0 |
_aBiographical memoirs. _nVolume 68 _h[electronic resource]. |
| 260 |
_aWashington : _bNational Academy of Sciences, _c1995. |
||
| 300 |
_aviii, 449 p. : _bports. |
||
| 533 |
_aElectronic reproduction. _bPalo Alto, Calif. : _cebrary, _d2009. _nAvailable via World Wide Web. _nAccess may be limited to ebrary affiliated libraries. |
||
| 650 | 0 |
_aScientists _zUnited States. |
|
| 650 | 0 | _aBiography. | |
| 655 | 7 |
_aElectronic books. _2local |
|
| 710 | 2 | _aebrary, Inc. | |
| 856 | 4 | 0 |
_uhttp://site.ebrary.com/lib/rucke/Doc?id=10068316 _zAn electronic book accessible through the World Wide Web; click to view |
| 999 |
_c28236 _d28236 |
||